[Event "AUTO-OPEN-2738"]
[Site "http://www.queenalice.com/game.php?id=1120080"]
[Date "2012.11.7"]
[Round "2"]
[White "clovis"]
[Black "Iron_Flower"]
[Result "0-1"]
[WhiteElo "1979"]
[BlackElo "1748"]

1. e4 d5 2. exd5 Qxd5 3. Nf3 Bg4 4. Be2 Nf6 5. d4 Nc6 6. O-O O-O-O 7. c4 Qd7 8.
d5 Bxf3 9. Bxf3 Ne5 10. Be3 Nxf3+ 11. Qxf3 e6 12. Bxa7 b6 13. dxe6 Qxe6 14. Qa8+
Kd7 15. Rd1+ Bd6 16. Qb7 Rhe8 17. Bxb6 Qe1+ 0-1

[Event "AUTO-OPEN-2738"]
[Site "http://www.queenalice.com/game.php?id=1120081"]
[Date "2012.11.7"]
[Round "2"]
[White "Iron_Flower"]
[Black "clovis"]
[Result "0-1"]
[WhiteElo "1773"]
[BlackElo "1937"]

1. d4 d5 2. c4 c6 3. Nc3 e6 4. Nf3 Nf6 5. Bg5 dxc4 6. e3 b5 7. a4 Bb4 8. Be2 a6
9. O-O Bb7 10. b3 Bxc3 11. Rc1 b4 12. Bxc4 Nbd7 13. Ne5 Nxe5 14. dxe5 Bxe5 15.
Qc2 Bxh2+ 16. Kxh2 Ng4+ 17. Kg3 Qxg5 18. f4 Nxe3+ 0-1

[Event "AUTO-OPEN-2738"]
[Site "http://www.queenalice.com/game.php?id=1120086"]
[Date "2012.11.7"]
[Round "2"]
[White "HILITO"]
[Black "Iron_Flower"]
[Result "0-1"]
[WhiteElo "2205"]
[BlackElo "1718"]

1. e4 d5 2. exd5 Qxd5 3. Nf3 Bg4 4. Be2 Nf6 5. O-O e6 6. d3 Nc6 7. Nc3 Qd7 8.
Bf4 Be7 9. Nb5 Bd8 10. h3 Bh5 11. Nc3 O-O 12. Ne5 Nxe5 13. Bxe5 Bxe2 14. Qxe2 c6
15. Rad1 Be7 16. Ne4 Rad8 17. Nxf6+ gxf6 18. Bf4 Kh8 19. Qh5 Rg8 20. Qxf7 e5 21.
Bg3 Rxg3 0-1

[Event "AUTO-OPEN-2738"]
[Site "http://www.queenalice.com/game.php?id=1120087"]
[Date "2012.11.7"]
[Round "2"]
[White "Iron_Flower"]
[Black "HILITO"]
[Result "0-1"]
[WhiteElo "1772"]
[BlackElo "2207"]

1. d4 c6 2. c4 d5 3. Nc3 Nf6 4. cxd5 Nxd5 5. Nxd5 Qxd5 6. Nf3 Bg4 7. Ne5 Bh5 8.
Qd3 Bg6 9. Nxg6 hxg6 10. e4 Qd6 11. Be3 Nd7 12. Be2 Rxh2 13. Rxh2 Qxh2 14. g3
Nf6 15. O-O-O Qh3 16. g4 Nxg4 17. Bxg4 Qxg4 18. Qb3 O-O-O 19. Qxf7 Qxe4 20. Qc4
Kb8 21. Qe2 e5 22. d5 Qa4 23. dxc6 Rxd1+ 24. Qxd1 Qxc6+ 25. Kb1 Be7 26. Qb3 Qe4+
27. Kc1 Qc6+ 28. Kb1 Qe4+ 29. Kc1 Qf5 30. Qa4 a6 31. Qd1 Bg5 32. Qd6+ Ka8 33.
Qb6 Bxe3+ 34. Qxe3 Kb8 35. Qa3 g5 36. Qa5 g4 37. Qe1 g5 38. Qe2 Qf4+ 39. Kb1 Qd4
40. Qe1 Kc7 41. Qc1+ Kd6 42. a3 Qe4+ 43. Ka1 Qf4 44. Qd1+ Qd4 45. Qb3 Qxf2 46.
Qb6+ Qxb6 0-1

[Event "AUTO-ADV-2685"]
[Site "http://www.queenalice.com/game.php?id=1125265"]
[Date "2012.11.23"]
[Round "1"]
[White "Artking"]
[Black "Iron_Flower"]
[Result "1-0"]
[WhiteElo "2108"]
[BlackElo "1776"]

1. e4 d5 2. exd5 Qxd5 3. d4 Nc6 4. Nf3 Bg4 5. c3 Bxf3 6. gxf3 Nf6 7. Nd2 e6 8.
Bc4 Qd7 9. Ne4 Nxe4 10. fxe4 O-O-O 11. Bf4 Be7 12. a4 f6 13. a5 a6 14. b4 e5 15.
Be3 exd4 16. cxd4 Bxb4+ 17. Ke2 Nxd4+ 18. Kf1 Nc6 19. Qxd7+ Rxd7 20. Be6 Bxa5
21. Rd1 Rd8 22. Rd5 g6 23. Ke2 Bb6 24. Bxb6 cxb6 25. Rhd1 1-0

[Event "AUTO-ADV-2685"]
[Site "http://www.queenalice.com/game.php?id=1125266"]
[Date "2012.11.23"]
[Round "1"]
[White "Iron_Flower"]
[Black "Artking"]
[Result "1/2-1/2"]
[WhiteElo "1770"]
[BlackElo "2040"]

1. d4 Nf6 2. c4 g6 3. Nc3 Bg7 4. e3 c5 5. Nf3 cxd4 6. exd4 O-O 7. Bd3 d6 8. O-O
Bg4 9. h3 Bxf3 10. Qxf3 Nc6 11. Be3 e5 12. dxe5 Nxe5 13. Qe2 Nxd3 14. Qxd3 a6
15. Rfd1 Ne8 16. Bf4 Qh4 17. Bxd6 Nxd6 18. Qxd6 Bxc3 19. bxc3 Qxc4 20. Qd4 b5
21. Qxc4 1/2-1/2

[Event "AUTO-ADV-2685"]
[Site "http://www.queenalice.com/game.php?id=1125279"]
[Date "2012.11.23"]
[Round "1"]
[White "Iron_Flower"]
[Black "fontaine"]
[Result "0-1"]
[WhiteElo "1773"]
[BlackElo "1989"]

1. d4 d5 2. c4 e6 3. Nc3 c6 4. Nf3 dxc4 5. e3 b5 6. a4 Bb4 7. Bd2 a5 8. axb5
Bxc3 9. Bxc3 cxb5 10. d5 Nf6 11. d6 O-O 12. Bxf6 Qxf6 13. Qd4 Qxd4 14. Nxd4 Bd7
15. f4 Re8 16. e4 e5 17. Ne2 exf4 18. Nxf4 Rxe4+ 19. Ne2 Ra6 20. O-O-O Re6 21.
Nc3 Raxd6 22. Be2 g6 23. Rhe1 Na6 24. Rd5 Rxd5 25. Nxd5 Nc5 26. Nf4 Nd3+ 27.
Nxd3 cxd3 0-1

[Event "AUTO-ADV-2685"]
[Site "http://www.queenalice.com/game.php?id=1125280"]
[Date "2012.11.23"]
[Round "1"]
[White "fontaine"]
[Black "Iron_Flower"]
[Result "1-0"]
[WhiteElo "1925"]
[BlackElo "1786"]

1. e4 d5 2. exd5 Qxd5 3. Nc3 Qa5 4. d4 c6 5. Nf3 Nf6 6. Bc4 e6 7. O-O Be7 8. Qe2
O-O 9. Bg5 Nbd7 10. Rfe1 h6 11. Bf4 Nd5 12. Nxd5 cxd5 13. Bd3 Nf6 14. Ne5 Nd7
15. Ng4 Nf6 16. Nxh6+ gxh6 17. Bxh6 Rd8 18. Qe5 b6 19. Qg5+ 1-0

[Event "AUTO-ADV-2685"]
[Site "http://www.queenalice.com/game.php?id=1125281"]
[Date "2012.11.23"]
[Round "1"]
[White "Iron_Flower"]
[Black "thigo"]
[Result "1-0"]
[WhiteElo "1781"]
[BlackElo "1511"]

1. d4 g6 2. c4 b6 3. Nc3 Bg7 4. Nf3 Bb7 5. e3 Nh6 6. Bd3 e6 7. O-O O-O 8. Re1
Na6 9. b3 Nb4 10. Bb1 c5 11. a3 Nc6 12. Bd3 Qf6 13. Bb2 cxd4 14. exd4 Nxd4 15.
Nxd4 Qxd4 16. Na4 Qd6 17. Bxg7 Kxg7 18. Qc2 Qc6 19. Bf1 Nf5 20. Qc3+ Kg8 21. Qh3
a6 22. Nc3 a5 23. Ne4 Qc7 24. Nf6+ Kg7 25. Ng4 Nd4 26. Qh6+ Kg8 27. Nf6+ Kh8 28.
Qxh7# 1-0

[Event "AUTO-ADV-2685"]
[Site "http://www.queenalice.com/game.php?id=1125282"]
[Date "2012.11.23"]
[Round "1"]
[White "thigo"]
[Black "Iron_Flower"]
[Result "0-1"]
[WhiteElo "1570"]
[BlackElo "1766"]

1. e4 d5 2. Nc3 d4 3. Nd5 e6 4. Nf4 Bd6 5. d3 e5 6. Nh5 Bf8 7. f4 g6 8. Ng3 Bg7
9. Bd2 Nc6 10. Qe2 Nf6 11. fxe5 Nxe5 12. O-O-O Be6 13. Nf3 Nxf3 14. gxf3 O-O 15.
e5 Nd7 16. Qf2 Bxe5 17. f4 Bg7 18. Bb4 c5 19. Ba3 b5 20. Bg2 Rb8 21. Ne4 b4 22.
Nd6 bxa3 23. b3 a5 24. Bc6 a4 25. Bxa4 Nb6 26. f5 Qxd6 27. fxe6 Qxe6 28. h4 Nxa4
29. bxa4 Qxa2 30. Kd2 Rb2 31. Rc1 Bh6+ 32. Ke2 Bxc1 33. Rxc1 Rxc2+ 34. Rxc2
Qxc2+ 35. Kf3 Qxd3+ 36. Kg2 c4 37. a5 c3 38. a6 Qd2 39. Qxd2 cxd2 40. h5 d1=Q
41. h6 a2 42. a7 a1=Q 43. Kg3 Qc3+ 44. Kf4 Qe3# 0-1

[Event "Ajedrecistas 1"]
[Site "http://www.queenalice.com/game.php?id=1135378"]
[Date "2012.12.29"]
[Round "2"]
[White "Iron_Flower"]
[Black "RuCam"]
[Result "0-1"]
[WhiteElo "1774"]
[BlackElo "1927"]

1. d4 Nf6 2. c4 e5 3. dxe5 Ne4 4. Nd2 Bb4 5. Nf3 g5 6. a3 Bc5 7. Nxe4 Be7 8.
Nexg5 Nc6 9. Qd5 Bxg5 10. Bxg5 Ne7 11. Qd4 h6 12. e6 Rg8 13. exf7+ Kxf7 14. Bxh6
Nf5 15. Qd5+ Kg6 16. Bd2 c6 17. Qd3 d6 18. e4 Qe7 19. O-O-O Nh6 20. Bxh6 Kxh6
21. Qxd6+ Qe6 0-1

[Event "AUTO-ADV-2774"]
[Site "http://www.queenalice.com/game.php?id=1156526"]
[Date "2013.3.1"]
[Round "1"]
[White "vindaloo"]
[Black "Iron_Flower"]
[Result "0-1"]
[WhiteElo "1786"]
[BlackElo "1711"]

1. e4 d5 2. exd5 Qxd5 3. Nf3 Bg4 4. Be2 Nf6 5. O-O e6 6. Nc3 Qa5 7. d4 c6 8. Bd2
Qc7 9. g3 Be7 10. Bf4 Bd6 11. Bg5 Nbd7 12. Re1 O-O-O 13. Rc1 h6 14. Be3 h5 15.
Nh4 Bxe2 16. Rxe2 Rdg8 17. a3 g5 18. Ng2 h4 19. f4 hxg3 20. hxg3 gxf4 21. gxf4
Bxf4 22. Qd2 Bxe3+ 23. Qxe3 Qh2+ 24. Kf1 Qh1+ 25. Qg1 Qxg1+ 26. Kxg1 Rh7 27. Kf2
Rhg7 28. Ne3 Ng4+ 29. Ke1 Nxe3 30. b3 Rg1+ 31. Kd2 Rxc1 32. Kxc1 Nd5 33. Kb2
Nxc3 34. Kxc3 Kd8 35. Re3 Ke7 36. Kd3 f6 37. c4 f5 38. d5 cxd5 39. cxd5 e5 40.
Kc4 Kd6 41. b4 a6 42. a4 Nb6+ 0-1

[Event "AUTO-ADV-2774"]
[Site "http://www.queenalice.com/game.php?id=1156527"]
[Date "2013.3.1"]
[Round "1"]
[White "Iron_Flower"]
[Black "vindaloo"]
[Result "0-1"]
[WhiteElo "1743"]
[BlackElo "1769"]

1. d4 d5 2. c4 dxc4 3. Nc3 e6 4. e4 Nc6 5. Be3 Bb4 6. Bxc4 Nf6 7. Bd3 Nxd4 8.
Bxd4 O-O 9. Nf3 c5 10. Be3 Qa5 11. Qc2 Rd8 12. O-O b5 13. Nxb5 Bd7 14. Nc3 Qc7
15. a3 Ba5 16. e5 Ng4 17. Bxh7+ Kf8 18. Bg5 Nxe5 19. Nxe5 Qxe5 20. Bxd8 Rxd8 21.
Bd3 Bc6 22. Be4 Bxc3 23. Bxc6 Bxb2 24. Rab1 Bxa3 25. Ra1 Bb4 26. Rxa7 g6 27. Qb2
Qxb2 0-1

[Event "AUTO-ADV-2774"]
[Site "http://www.queenalice.com/game.php?id=1156540"]
[Date "2013.3.1"]
[Round "1"]
[White "Thorn985"]
[Black "Iron_Flower"]
[Result "1-0"]
[WhiteElo "1718"]
[BlackElo "1764"]

1. e4 d5 2. exd5 Qxd5 3. Nc3 Qa5 4. d4 c6 5. Bc4 Nf6 6. Bd2 Qc7 7. Nf3 Bg4 8. h3
Bh5 9. g4 Bg6 10. Qe2 Bxc2 11. Bg5 Bg6 12. Bxf6 gxf6 13. O-O Bg7 14. a3 Nd7 15.
Rfe1 Nb6 16. Rac1 Nxc4 17. Qxc4 O-O-O 18. Nb5 Qb6 19. Rxe7 Rhe8 20. Nd6+ Rxd6
21. Rxe8+ Kd7 22. Rce1 Kc7 23. R1e7+ Rd7 24. Rxd7+ Kxd7 25. Re1 Qxb2 26. Qc5 b6
27. Re7+ Kc8 28. Qd6 1-0

[Event "AUTO-ADV-2774"]
[Site "http://www.queenalice.com/game.php?id=1156541"]
[Date "2013.3.1"]
[Round "1"]
[White "Iron_Flower"]
[Black "Thorn985"]
[Result "0-1"]
[WhiteElo "1761"]
[BlackElo "1713"]

1. d4 Nf6 2. c4 e6 3. Nc3 Bb4 4. Bd2 O-O 5. e3 b6 6. Bd3 Bb7 7. Nf3 d5 8. a3 Bd6
9. O-O Nbd7 10. b4 c5 11. bxc5 bxc5 12. cxd5 exd5 13. dxc5 Nxc5 14. Bc2 Nfe4 15.
Nxe4 dxe4 16. Nd4 Be5 17. Bb4 Rc8 18. Bxc5 Rxc5 19. Nb3 Qxd1 20. Bxd1 Rd5 21.
Bc2 Bxa1 22. Rxa1 Rc8 23. Bxe4 Rb5 24. Bxb7 Rxb7 25. Nd4 Rcb8 26. h3 Rb1+ 27.
Rxb1 Rxb1+ 28. Kh2 Ra1 29. Nb5 a6 30. Nc7 Rxa3 31. Kg3 a5 32. Nb5 Rb3 33. Nd4 a4
34. Kf3 Rb7 35. Ke2 a3 36. Nc2 Rb2 37. Kd1 Rb1+ 0-1

[Event "AUTO-ADV-2774"]
[Site "http://www.queenalice.com/game.php?id=1156550"]
[Date "2013.3.1"]
[Round "1"]
[White "Iron_Flower"]
[Black "luizpessoa"]
[Result "1/2-1/2"]
[WhiteElo "1763"]
[BlackElo "1714"]

1. d4 d5 2. c4 Bf5 3. Nc3 dxc4 4. e4 Bg6 5. Bxc4 e6 6. Nf3 Bb4 7. Nd2 a6 8. O-O
Nc6 9. d5 exd5 10. exd5 Na5 11. Qa4+ Qd7 12. Qxb4 Nxc4 13. Qxc4 Ne7 14. Nf3 O-O
15. Ne5 Qd6 16. Bf4 b5 17. Qd4 c5 18. Qe3 Nxd5 19. Rad1 Nxe3 20. Rxd6 Nxf1 21.
Nxg6 hxg6 22. Kxf1 Rfd8 23. Rxd8+ Rxd8 24. Bc7 Rd2 25. Bb6 Rxb2 26. Bxc5 Rc2 27.
Bb4 f6 28. a3 g5 29. Nd5 Rc1+ 30. Ke2 Kf7 31. g3 Rh1 32. Nc7 Rxh2 33. Nxa6 Rh8
34. Nc7 Rb8 35. Nd5 Ke6 36. Nc3 1/2-1/2

[Event "AUTO-ADV-2774"]
[Site "http://www.queenalice.com/game.php?id=1156551"]
[Date "2013.3.1"]
[Round "1"]
[White "luizpessoa"]
[Black "Iron_Flower"]
[Result "1-0"]
[WhiteElo "1708"]
[BlackElo "1728"]

1. e4 d5 2. e5 Bf5 3. d4 e6 4. a3 c5 5. Be3 cxd4 6. Bxd4 Nc6 7. Bb5 Qa5+ 8. Nc3
O-O-O 9. Ne2 h6 10. Bxc6 bxc6 11. b4 Qc7 12. Na4 Ne7 13. c3 Bg6 14. Nf4 Bh7 15.
O-O Ng6 16. Nxg6 Bxg6 17. Qe2 Be7 18. Qa6+ Qb7 19. Qxa7 Qxa7 20. Bxa7 Kb7 21.
Bc5 Rhe8 22. Rfd1 Ra8 23. Nb2 Bxc5 24. bxc5 Ra5 25. Nd3 Bxd3 26. Rxd3 Rxc5 27.
Rb1+ Kc7 28. f4 Ra8 29. Ra1 Rca5 30. Kf2 Rxa3 31. Rxa3 Rxa3 32. h4 c5 33. Ke2 c4
34. Re3 Kc6 35. g4 Kc5 36. g5 hxg5 37. fxg5 Kb5 38. h5 Ra2+ 39. Kf3 Ka4 40. Kg4
Rh2 41. Rf3 Rg2+ 42. Rg3 Rxg3+ 43. Kxg3 Kb3 44. h6 gxh6 45. gxh6 Kxc3 46. h7 Kd2
47. h8=Q c3 48. Qh6+ Kc2 49. Qe3 Kb2 50. Qb6+ Kc1 51. Qe3+ Kb2 52. Qb6+ Kc1 53.
Qb3 c2 54. Kf2 Kd2 55. Qe3+ Kd1 56. Qe1# 1-0

[Event "AUTO-OPEN-2930"]
[Site "http://www.queenalice.com/game.php?id=1156680"]
[Date "2013.3.1"]
[Round "1"]
[White "Severynnas"]
[Black "Iron_Flower"]
[Result "0-1"]
[WhiteElo "1560"]
[BlackElo "1746"]

1. d4 d5 2. c4 e6 3. cxd5 exd5 4. Nc3 Bb4 5. a3 Be7 6. e3 Nf6 7. Nf3 Bg4 8. h3
Bh5 9. Qe2 Nc6 10. Bd2 O-O 11. O-O-O Na5 12. Nb5 Nc4 13. Bc3 a6 14. Nxc7 Qxc7
15. Rd3 Bg6 16. Rd1 b5 17. Ne5 Nxe5 18. dxe5 Ne4 19. g4 Bxa3 20. Qc2 Rac8 21.
bxa3 Nxc3 22. Qd2 Na4+ 23. Qc2 Qxc2# 0-1

[Event "AUTO-OPEN-2930"]
[Site "http://www.queenalice.com/game.php?id=1156681"]
[Date "2013.3.1"]
[Round "1"]
[White "Iron_Flower"]
[Black "Severynnas"]
[Result "1-0"]
[WhiteElo "1755"]
[BlackElo "1543"]

1. d4 e6 2. c4 Bb4+ 3. Bd2 Qe7 4. Nc3 Nf6 5. e3 O-O 6. Bd3 c5 7. Nf3 Ng4 8. h3
Nf6 9. a3 Ba5 10. O-O cxd4 11. Nxd4 g5 12. b4 Bc7 13. e4 Qd6 14. Nf3 Qxd3 15.
Bxg5 Qxc3 16. Rc1 Nh5 17. Rxc3 Nf4 18. Bh6 Re8 19. Nh4 Nc6 20. Bxf4 Bxf4 21.
Qg4+ Kf8 22. Qxf4 Nd4 23. Qd6+ Kg7 24. Qxd4+ f6 25. f4 a6 26. g4 b5 27. cxb5
axb5 28. Rfc1 Bb7 29. Qxd7+ Kf8 30. Rc7 Bxe4 31. Qg7# 1-0

[Event "AUTO-OPEN-2930"]
[Site "http://www.queenalice.com/game.php?id=1156706"]
[Date "2013.3.1"]
[Round "1"]
[White "Adneltl"]
[Black "Iron_Flower"]
[Result "1-0"]
[WhiteElo "1802"]
[BlackElo "1734"]

1. e4 d5 2. exd5 Qxd5 3. Nc3 Qa5 4. d4 c6 5. Bd2 Qc7 6. Bc4 Nf6 7. h3 Bf5 8. f4
e6 9. Qe2 Bxc2 10. Nf3 Be7 11. O-O Nbd7 12. Rac1 Bg6 13. Nh4 O-O-O 14. f5 Bh5
15. g4 Qg3+ 16. Ng2 Nxg4 17. hxg4 Bxg4 18. Qe1 Qxe1 19. Rcxe1 Bxf5 20. Ne3 Bg6
21. Ne2 Nb6 22. Bb3 Bd3 23. Ng2 Bxe2 24. Rxe2 Rxd4 25. Bc3 Rg4 26. Rxf7 Bc5+ 27.
Kf1 Rd8 28. Bxe6+ Kb8 29. Bxg4 1-0

[Event "AUTO-OPEN-2930"]
[Site "http://www.queenalice.com/game.php?id=1156707"]
[Date "2013.3.1"]
[Round "1"]
[White "Iron_Flower"]
[Black "Adneltl"]
[Result "0-1"]
[WhiteElo "1728"]
[BlackElo "1552"]

1. d4 d5 2. c4 e6 3. Nc3 Nf6 4. Bg5 h6 5. Bh4 a6 6. e3 Be7 7. Nf3 Ne4 8. Bxe7
Qxe7 9. Bd3 Nf6 10. O-O Nbd7 11. cxd5 exd5 12. Rc1 c6 13. Ne2 O-O 14. Ng3 Ne4
15. Nxe4 dxe4 0-1

[Event "AUTO-OPEN-2930"]
[Site "http://www.queenalice.com/game.php?id=1156724"]
[Date "2013.3.1"]
[Round "1"]
[White "Iron_Flower"]
[Black "Ivanov32"]
[Result "1-0"]
[WhiteElo "1730"]
[BlackElo "1096"]

1. d4 Nf6 2. c4 g6 3. Nc3 Bg7 4. e3 O-O 5. Bd3 c5 6. Nf3 d6 7. O-O Bg4 8. Be2
Nbd7 9. Bd2 a6 10. d5 e5 11. dxe6 fxe6 12. h3 Bxf3 13. Bxf3 Ne5 14. Bxb7 Rb8 15.
Bxa6 Rxb2 16. Bb5 1-0

[Event "AUTO-OPEN-2930"]
[Site "http://www.queenalice.com/game.php?id=1156725"]
[Date "2013.3.1"]
[Round "1"]
[White "Ivanov32"]
[Black "Iron_Flower"]
[Result "0-1"]
[WhiteElo "1096"]
[BlackElo "1732"]

1. e4 d5 2. exd5 Qxd5 3. Nc3 Qa5 4. d4 c6 5. Nf3 Bg4 6. h3 Bh5 7. g4 Bg6 8. Ne5
Nf6 9. f4 Be4 10. Rh2 Bd5 11. Bd2 Qc7 12. Qe2 Nbd7 13. O-O-O c5 14. Be3 e6 15.
dxc5 Bxc5 0-1